Norma Chilena NCh 2581: mezclas de aceites vegetales comestibles

Furkejuvvon:
Bibliográfalaš dieđut
Searvvušdahkki: Instituto Nacional de Normalización (autor)
Materiálatiipa: Dovdameahttun
Giella:eaŋgalasgiella
Almmustuhtton: Santiago, Chile Instituto Nacional de Normalización 2019
Preanttus:Segunda edición
Fáttát:
Fáddágilkorat: Lasit fáddágilkoriid
Eai fáddágilkorat, Lasit vuosttaš fáddágilkora!

MARC

LEADER 00000 a2200000 4500
003 CL-VaPUC
005 20240508091202.0
008 200303b ||||| |||| 00| 0 eng d
999 |c 376001  |d 375999 
040 |c Pontificia Universidad Católica de Valparaíso 
082 |a 660.28 INS 2019 
110 |a Instituto Nacional de Normalización   |e autor  |9 719886 
245 1 0 |a Norma Chilena NCh 2581:  |b  mezclas de aceites vegetales comestibles 
250 |a Segunda edición 
260 3 |b Instituto Nacional de Normalización  |c 2019  |a Santiago, Chile 
300 |a 7 p 
583 |k Cristina Rojas  |c 20200303 
650 0 0 |a Aceites vegetales  |9 336958 
942 |2 ddc  |c BK 
952 |0 0  |1 0  |2 ddc  |4 0  |6 660_280000000000000_INS_2019  |7 0  |8 A  |9 496026  |a BIBALI  |b BIBALI  |c REF  |d 2020-01-15  |e 9  |g 21600.00  |i 5572770  |o 660.28 INS 2019  |p 5572770  |r 2025-01-20  |t 1  |v 21600.00  |w 2020-01-15  |y BK_F  |k ALI